El diagnóstico de la debilidad mental: débiles normales, débiles patológicos
Saved in:
| 主要作者: | |
|---|---|
| 格式: | 圖書 |
| 語言: | 西班牙语 |
| 出版: |
Madrid
Pablo del Río
1978
|
| 版: | 2a. ed |
| 叢編: | Aprendizaje
|
| 主題: | |
| 標簽: |
添加標簽
沒有標簽, 成為第一個標記此記錄!
|
MARC
| LEADER | 00000nam a2200000 a 4500 | ||
|---|---|---|---|
| 001 | UCY8984 | ||
| 003 | CL-VaPUC | ||
| 008 | 950707e19780000SP |||||||||||||||||spa|d | ||
| 082 | 0 | 4 | |a 371.92 |b CHI |2 21 |
| 100 | 0 | |a Chiva, Matty |e author |9 340922 | |
| 245 | 1 | 3 | |a El diagnóstico de la debilidad mental: débiles normales, débiles patológicos |
| 250 | |a 2a. ed | ||
| 300 | |a 221 p | ||
| 942 | |c BK | ||
| 945 | |d 19950707 00:00:00 |a cmena | ||
| 260 | |a Madrid |b Pablo del Río |c 1978 | ||
| 650 | 0 | |a Educación especial |9 307486 | |
| 650 | 0 | |a Deficiencia mental |9 334734 | |
| 650 | 0 | |a Minusválidos mentales |9 311830 | |
| 650 | 0 | |a Tests psicológicos |9 308644 | |
| 650 | 0 | |a Psicoanálisis |9 265702 | |
| 650 | 0 | |a Adaptación social |9 336043 | |
| 650 | 0 | |a Comportamiento |9 308406 | |
| 583 | |a last modification |c 19950707 00:00:00 |k Rodrigo Vera | ||
| 490 | 0 | |a Aprendizaje | |
| 999 | |c 236160 |d 236158 | ||
| 952 | |0 0 |1 0 |4 0 |6 371_920000000000000_CHI_1978 |7 0 |8 P |9 244041 |a BIBEDU |b BIBEDU |c BIBEDU_PB |d 2019-11-18 |i 1529633 |o 371.92 CHI 1978 |p 1529633 |r 2024-01-25 |w 2019-11-18 |y BK |k EDU | ||